Countries Backwards - Statistics

General Stats
  • This quiz has been taken 53 times
  • The average score is 12 of 30
Answer Stats
Hint Answer % Correct
Japan napaj
97%
Brazil lizarb
91%
Canada adanac
88%
Egypt tpyge
88%
Sweden nedews
85%
Chile elihc
79%
China anihc
68%
Australia ailartsua
53%
Mexico ocixem
53%
Fiji ijif
50%
Cuba abuc
47%
Libya aybil
41%
Peru urep
41%
Syria airys
32%
Portugal lagutrop
32%
Panama amanap
29%
Malta atlam
29%
Greece eceerg
29%
Nigeria airegin
26%
Croatia aitaorc
26%
Denmark kramned
26%
Spain niaps
21%
Qatar rataq
18%
Cyprus surpyc
18%
Yemen nemey
12%
Palau ualap
12%
Zambia aibmaz
9%
Austria airtsua
9%
Argentina anitnegra
0%
Honduras sarudnoh
0%
No matching quizzes found
Score Distribution
Percent of People with Each Score
Percentile by Number Answered
Your Score History
You have not taken this quiz